Alle wereldkampioenen in de Formule 1 - Statistieken

Algemene statistieken
  • Deze quiz is 134 keer genomen
  • De gemiddelde score is 49 van 73
Antwoordstatistieken
jaar Driver % Correct
2021 Verstappen
99%
2022 Verstappen
99%
2008 Hamilton
98%
2014 Hamilton
98%
2015 Hamilton
98%
2017 Hamilton
98%
2018 Hamilton
98%
2019 Hamilton
98%
2020 Hamilton
98%
1994 Schumacher
93%
1995 Schumacher
93%
2000 Schumacher
93%
2001 Schumacher
93%
2002 Schumacher
93%
2003 Schumacher
93%
2004 Schumacher
93%
2010 Vettel
90%
2011 Vettel
90%
2012 Vettel
90%
2013 Vettel
90%
1988 Senna
88%
1990 Senna
88%
1991 Senna
88%
1961 P. Hill
86%
2005 Alonso
85%
2006 Alonso
85%
1982 K. Rosberg
81%
2016 N. Rosberg
81%
1985 Prost
79%
1986 Prost
79%
1989 Prost
79%
1993 Prost
79%
2009 Button
70%
1996 D. Hill
70%
1962 G. Hill
69%
1968 G. Hill
69%
1951 Fangio
65%
1954 Fangio
65%
1955 Fangio
65%
1956 Fangio
65%
1957 Fangio
65%
1975 Lauda
65%
1977 Lauda
65%
1984 Lauda
65%
1981 Piquet
65%
1983 Piquet
65%
1987 Piquet
65%
2007 Raikkonen
63%
1998 Hakkinen
55%
1999 Hakkinen
55%
1952 Ascari
53%
1953 Ascari
53%
1997 Villeneuve
53%
1992 Mansell
48%
1976 Hunt
44%
1959 Brabham
43%
1960 Brabham
43%
1966 Brabham
43%
1969 Stewart
41%
1971 Stewart
41%
1973 Stewart
41%
1963 Clark
39%
1965 Clark
39%
1950 Farina
36%
1972 Fittipaldi
36%
1974 Fittipaldi
36%
1970 Rindt
33%
1978 Andretti
29%
1958 Hawthorn
29%
1979 Scheckter
29%
1967 Hulme
28%
1980 Jones
26%
1964 Surtees
26%
Geen overeenkomende quizzen gevonden
Scoreverdeling
Procent van Mensen met Elke Score
Percentiel versus Aantal Correcte Antwoorden
Uw Scoregeschiedenis
U heeft deze quiz nog niet genomen